Youngblood (Deluxe) - 5 Seconds of Summer (5SOS) - Statistics

General Stats
  • This quiz has been taken 3 times
  • The average score is 11 of 16
Answer Stats
# Song % Correct
12 Empty Wallets
100%
14 Monster Among Men
100%
4 Valentine
100%
1 Youngblood
100%
16 Babylon
67%
8 Better Man
67%
7 If Walls Could Talk
67%
9 More
67%
5 Talk Fast
67%
2 Want You Back
67%
10 Why Won't You Love Me
67%
11 Woke Up In Japan
67%
13 Ghost Of You
33%
3 Lie To Me
33%
15 Meet You There
33%
6 Moving Along
33%
No matching quizzes found
Score Distribution
Percent of People with Each Score
Percentile by Number Answered
Your Score History
You have not taken this quiz